| 000 | 00350nam a2200133Ia 4500 | ||
|---|---|---|---|
| 008 | 240624s9999 xx 000 0 und d | ||
| 041 | _aeng | ||
| 082 | _a796.48095456 MAJ | ||
| 100 | _aMAJUMDAR BORIA | ||
| 245 | _aSELLOTAPE LEGACY DELHI AND THE COMMONWEA | ||
| 260 |
_c2010 _aNew Delhi _bHarperCollins India |
||
| 300 | _a236 : p. | ||
| 365 |
_cRS _b20 |
||
| 999 |
_c15801 _d15801 |
||